Art of the modern age : philosophy of art from Kant Heidegger

Αποθηκεύτηκε σε:
Λεπτομέρειες βιβλιογραφικής εγγραφής
Κύριος συγγραφέας: Schaeffer, Jean-Marie
Άλλοι συγγραφείς: Rendall, Steven (Μεταφραστής), Danto, Arthur C., 1924-2013 (Συγγραφέας εισαγωγής κ.λπ.)
Μορφή: Βιβλίο
Γλώσσα:English
Δημοσίευση: Princeton : Princeton University Press, 2000
Σειρά:New French thought
Θέματα:
Ετικέτες: Προσθήκη ετικέτας
Δεν υπάρχουν, Καταχωρήστε ετικέτα πρώτοι!

MARC

LEADER 00000nam a2200000 i 4500
001 1/73675
008 050318s2000 eng d
020 |a 0-691-01669-0 
035 |l 10077158 
040 |a GR-MY-UA  |b gre  |e aacr 
041 0 |a eng 
082 0 |a 111.850903  |2 (21) 
100 1 |a Schaeffer, Jean-Marie. 
245 1 0 |a Art of the modern age :  |b philosophy of art from Kant Heidegger /  |c Jean-Marie Schaeffer ; Μετάφραση Steven Rendall, πρόλογος Arthur C. Danto 
260 |a Princeton :   |b Princeton University Press,   |c 2000 
300 |a xvii, 352 σ.;  |c 26 εκ. 
490 1 |a New Frence Thought 
504 |a Περιέχει βιβλιογραφικές παραπομπές και ευρετήριο 
650 0 0 |a Aesthetics, Modern. 
650 0 0 |a Art  |x Philosophy. 
700 1 |a Rendall, Steven.  |4 trl 
700 1 |a Danto, Arthur C.,   |d 1924-2013.  |4 aui 
830 0 |a New French thought 
852 |a INST  |b LESVOS  |e 20050318  |h 111.850903 SCH  |p 005100030052  |q 005100030052  |t BK  |y 0 
901 |a BIBL1-2005-1 
909 |a Λ  |b 113874 
920 |a ΔΙΕΥΡΥΝΣΗ  |b ΕΠΕΑΕΚ-ΠΤΕ  |y ΛΕΣΒΟΣ  |z 2004-10 
970 |a ΜΑΡΙΝΑΤΟΥ  |b ΜΥΡΣΙΝΗ  |z 2005/03/18